Score 0/50 Timer 04:00
19 Plays Today
% Correct
Ecuador
98.3%
Egypt
97.9%
El Salvador
97.8%
Estonia
96.1%
Eva
90.2%
Ella
90%
Emily
89.5%
Eggplant
88.8%
Evelyn
87%
Everybody Loves Raymond
86.3%
Enchilada
85.4%
Evan
85.3%
Exodus
84.4%
Edward
84.2%
Eleanor
84%
Éclair
83.9%
Ethan
83.7%
Ecclesiastes
81.5%
Exxon Mobil
81%
Edmund
80.7%
Ezekiel
80.4%
Ephesians
79.8%
eBay
79.2%
Elijah
79.2%
Eritrea
77.4%
% Correct
Eli
75.5%
Estée Lauder
75.2%
Entourage
75.2%
Empire
75%
Edamame
74.6%
Expedia
73.8%
Éowyn
73.4%
ER
73.4%
Even Stevens
73.1%
Endive
72.9%
Edgar
72.7%
Express Scripts Holding
70.1%
Éomer
70%
Erving
68.7%
Elrond
67.3%
Edwards
66.8%
Ewing
65.5%
Ezra
56.7%
Elendil
54.9%
Eadwig
45.6%
Ethelred
42.4%
Endacott
33.9%
Ecthelion
32.7%
Easton
31%
English
24.3%
Remove Ads.
Support Sporcle.
Get the best of Sporcle when you Go Orange. This ad-free experience offers more features, more stats, and more fun while also helping to support Sporcle. Thank you for becoming a member.

You're not logged in!

Compare scores with friends on all Sporcle quizzes.
OR
Log In

Show Comments

Extras

Top Quizzes Today


Score Distribution

Your Account Isn't Verified!

In order to create a playlist on Sporcle, you need to verify the email address you used during registration. Go to your Sporcle Settings to finish the process.

Report this User

Report this user for behavior that violates our Community Guidelines.

Details: